| 000 | 00973cam a22003015a 4500 | ||
|---|---|---|---|
| 001 | 011339859 | ||
| 003 | OSt | ||
| 005 | 20150824104939.0 | ||
| 008 | 021021s2004 maua frb 001 0 eng d | ||
| 020 | _a0631215697 (cased) | ||
| 020 | _a140512623X (pbk.) | ||
| 040 |
_aDLC _beng _cDLC _dUk _dEG-ScBUE |
||
| 082 | 0 | 4 |
_a338.5442 _222 _bCOM |
| 245 | 0 | 2 |
_aA companion to economic forecasting / _cedited by Michael P. Clements and David F. Hendry. |
| 260 |
_aMalden ; _aOxford : _bBlackwell Publishing, _c2004. |
||
| 300 |
_axii, 597 p. : _bill. ; _c26 cm. |
||
| 490 | 0 | _aBlackwell companions to contemporary economics | |
| 500 | _aIncludes indexes. | ||
| 504 | _aIncludes bibliographical references. | ||
| 590 | _aSara elBakry | ||
| 650 | 0 |
_aEconomic forecasting. _2BUEsh |
|
| 651 | _2BUEsh | ||
| 653 |
_bBUSECO _cAugust2015 |
||
| 655 |
_vreading book _934232 |
||
| 700 | 1 |
_aClements, Michael P., _eeditor. |
|
| 700 | 1 |
_aHendry, David F., _eeditor. |
|
| 942 | _2ddc | ||
| 999 |
_c20669 _d20641 |
||